[Event "Martigny op"]
[Site "Martigny"]
[Date "2005.07.30"]
[Round "2"]
[White "Walther, Yann"]
[Black "Bayard, Eric"]
[Result "1-0"]
[WhiteElo "2127"]
[BlackElo "1773"]
[PlyCount "43"]
[EventDate "2005.07.29"]
[EventType "swiss"]
[EventRounds "7"]
[EventCountry "SUI"]
[SourceTitle "CBM 107 Extra"]
[Source "ChessBase"]
[SourceDate "2005.09.01"]
[SourceVersion "1"]
[SourceVersionDate "2005.09.01"]
[SourceQuality "1"]

1. e4 c5 2. Nf3 Nc6 3. d4 cxd4 4. Nxd4 d6 5. Nc3 Nf6 6. Bc4 e6 7. Bb3 Be7 8. Be3 0-0 9. Qe2 a6 10. 0-0-0 Bd7 11. Rhg1 h6 12. g4 Nh7 13. Nf5 exf5 14. gxf5 Bg5 15. f4 Bf6 16. Nd5 Na5 17. Bb6 Nxb3+ 18. axb3 Qc8 19. Qg2 g5 20. fxg6 fxg6 21. Qxg6+ Kh8 22. Nxf6 1-0

[Event "Lausanne Master op"]
[Site "Lausanne"]
[Date "2000.05.31"]
[Round "1"]
[White "Walther, Yann"]
[Black "Volokitin, Andrei"]
[Result "0-1"]
[WhiteElo "2052"]
[BlackElo "2347"]
[PlyCount "34"]
[EventDate "2000.05.31"]
[EventType "swiss"]
[EventRounds "9"]
[EventCountry "SUI"]
[SourceTitle "CBM 076 Extra"]
[Source "ChessBase"]
[SourceDate "2000.07.11"]
[SourceVersion "1"]
[SourceVersionDate "2000.07.11"]
[SourceQuality "1"]

1. e4 c5 2. Nf3 e6 3. b3 d5 4. exd5 exd5 5. Bb2 a6 6. d4 Nf6 7. Bd3 Be7 8. dxc5 Bxc5 9. Qe2+ Be6 10. Ng5 Qe7 11. 0-0 Nc6 12. Nd2 0-0-0 13. Ndf3 Rhe8 14. h3 Qc7 15. Bxf6 gxf6 16. Nxh7 Bxh3 17. Qd2 Qg3 0-1